| 000 | 00800nam a2200253 i 4500 | ||
|---|---|---|---|
| 001 | 7639 | ||
| 003 | ES-MaACL | ||
| 005 | 20250809063445.0 | ||
| 007 | t| | ||
| 008 | 910320s1988 sp ||||1| spa d | ||
| 020 | _a84-322-0596-6 | ||
| 080 | _a86.0(72)-4"19" | ||
| 080 | _a86.0(72)(Paz,O.3 P.01) | ||
| 100 | 1 |
_aPaz, Octavio, _d1914-1998 _989753 |
|
| 245 | 1 | 0 |
_aPrimeras letras _b: (1931-1943) / _cOctavio Paz ; seleccion, introduccion y notas de Enrico Mario Santi. |
| 250 | _a1a ed. | ||
| 260 |
_aBarcelona : _bSeix Barral, _c1988. |
||
| 300 |
_a422, [6] p. ; _c22 cm. |
||
| 490 | 1 | _aBiblioteca breve | |
| 700 | 1 |
_aSanti, Enrico Mario. _9177919 |
|
| 830 | 0 |
_aBiblioteca breve (Seix Barral) _9227188 |
|
| 852 |
_aES-MaACL _jL-14949 _bR.119171 _z. - rust. |
||
| 999 |
_c7639 _d7639 |
||